000 00732nam a2200289Ia 4500
005 20260324144151.0
008 008 260324s9999 xx 000 0 eng d
020 _a9781003079439
037 _aEBOOK
040 _aCRL
040 _beng
040 _cCRL
041 _2eng
041 _aeng
084 _qCRL
100 _aO.M.C. Haex; P.M.M.G. Akkermans; H.H. Curvers
_91218338
245 0 _aTo the Euphrates and Beyond
245 0 _bArchaeological Studies in Honour of Maurits N van Loon
260 _bTaylor and Francis
260 _c1989
365 _a
365 _b560
856 _uhttp://www.taylorfrancis.com/books/9781003079439
942 _cEBOOK
999 _c1824595
_d1824595